|
|
|
|
| LEADER |
00000nas a2200000 a 4500 |
| 001 |
ssj0000393692 |
| 003 |
WaSeSS |
| 005 |
20200512172242.0 |
| 006 |
m d |
| 007 |
cr n |
| 008 |
820615c19739999sp uu p s 0 b0spa |
| 010 |
|
|
|a 82640285
|
| 016 |
7 |
|
|a 017644194
|2 DE-101
|
| 016 |
7 |
|
|a 1238804-X
|2 DE-600
|
| 016 |
7 |
|
|a 011764390
|2 Uk
|
| 022 |
|
|
|l 0210-4903
|y 0210-4903
|
| 035 |
|
|
|a (WaSeSS)ssj0000393692
|
| 040 |
|
|
|a DLC
|b eng
|c DLC
|d NST
|d DLC
|d HUL
|d NST
|d EYM
|d CUD
|d OCLCQ
|d GBVCP
|d OCLCO
|d OCLCQ
|d OCLCF
|d CUS
|d COO
|d OCLCQ
|d UKMGB
|d WaSeSS
|
| 042 |
|
|
|a pcc
|
| 043 |
|
|
|a e-sp---
|
| 050 |
0 |
0 |
|a DP302.M8
|b M58
|
| 080 |
|
|
|a 946
|
| 082 |
0 |
0 |
|a 946/.773
|
| 210 |
0 |
|
|a Misc. mediev. murc.
|
| 222 |
|
0 |
|a Miscelánea medieval murciana
|
| 245 |
0 |
0 |
|a Miscelánea medieval murciana
|h [electronic resource].
|
| 260 |
|
|
|a [Murcia, Spain] :
|b Departamento de Historia Medieval, Universidad de Murcia
|
| 362 |
1 |
|
|a Began in 1973.
|
| 506 |
|
|
|a License restrictions may limit access.
|
| 550 |
|
|
|a Vol. 1 issued by: Departamento de Historia de España, Universidad de Murcia.
|
| 588 |
|
|
|a Description based on: Vol. 7.
|
| 651 |
|
0 |
|a Murcia (Spain : Region)
|x History.
|
| 651 |
|
7 |
|a Spain
|z Murcia Region.
|2 fast
|0 (OCoLC)fst01331658
|
| 655 |
|
0 |
|a Electronic journals.
|
| 710 |
2 |
|
|a Universidad de Murcia.
|b Departamento de Historia Medieval.
|
| 710 |
2 |
|
|a Universidad de Murcia.
|b Departamento de Historia de España.
|
| 850 |
|
|
|a CU
|a CaOLU
|a CtY
|a DLC
|a ICU
|a MH
|a MiU
|a NcU
|a ViU
|
| 856 |
4 |
0 |
|z Full text available from PRISMA Database with HAPI Index: 01/01/2013 to 01/31/2014
|u https://search.proquest.com/publication/2040129
|
| 856 |
4 |
0 |
|z Full text available from Research Library: 01/01/2013 to 01/31/2014
|u https://search.proquest.com/publication/2035778
|